000
00276nam a2200133Ia 4500
008
220613s9999||||xx |||||||||||||| ||und||
100
_a
J P RICHIE
245
0
_a
UROLOGIC ONCOLOGY
250
_a
XX
260
_b
SAUNDERS
300
_a
812
650
_a
Urology
942
_c
SURG
999
_c
7888
_d
7888